El fin del imperio español: 1898-1923
محفوظ في:
| المؤلف الرئيسي: | |
|---|---|
| التنسيق: | كتاب |
| اللغة: | الإسبانية |
| منشور في: |
Barcelona, España
Crítica
1997
|
| سلاسل: | Libros de Historia
|
| الموضوعات: | |
| الوسوم: |
إضافة وسم
لا توجد وسوم, كن أول من يضع وسما على هذه التسجيلة!
|
MARC
| LEADER | 00000nam a2200000 a 4500 | ||
|---|---|---|---|
| 001 | UCL4947 | ||
| 003 | CL-VaPUC | ||
| 005 | 20210528001752.0 | ||
| 008 | 040227e19970000SP |||||||||||||||||spa|d | ||
| 999 | |c 307694 |d 307692 | ||
| 020 | |a 8474238153 | ||
| 040 | |c Pontificia Universidad Católica de Valparaíso | ||
| 082 | 0 | 4 | |a 946.9036 BAL 1997 |2 21 |
| 100 | |a Balfour, Sebastian |e author |9 484275 | ||
| 245 | 1 | 3 | |a El fin del imperio español: |b 1898-1923 |
| 260 | |a Barcelona, España |b Crítica |c 1997 | ||
| 300 | |a 267 páginas | ||
| 490 | 0 | |a Libros de Historia | |
| 583 | |a last modification |c 20040227 00:00:00 |k Rodrigo Vera | ||
| 650 | 0 | |a Historia de España |y 1898-1923 |9 315435 | |
| 650 | 0 | |a Relaciones Internacionales |z ESPAÑA |z ESTADOS UNIDOS |9 255740 | |
| 650 | 7 | |a CONFLICTOS INTERNACIONALES |2 CL-VaPUC |9 334143 |z ESPAÑA |z ESTADOS UNIDOS | |
| 650 | 0 | |a Imperialismo |z ESPAÑA |z ESTADOS UNIDOS |9 258264 | |
| 852 | |a BIBCUR | ||
| 942 | |c BK |2 ddc | ||
| 945 | |d 20040227 00:00:00 |a cmena | ||
| 952 | |0 0 |1 0 |2 ddc |4 0 |6 946_903600000000000_BAL_1997 |7 0 |8 A |9 373759 |a BIBHIS |b BIBHIS |d 2019-11-21 |i 3986284 |o 946.9036 BAL 1997 |p 3986284 |r 2025-01-20 |t 1 |w 2019-11-21 |y BK |k HIS | ||